Catálogo

Vista normal Vista MARC

Entrada Personal Name

Número de registros utilizados en: 1

001 - CONTROL NUMBER

  • control field: 780

003 - CONTROL NUMBER IDENTIFIER

  • control field: DLC

005 - DATE AND TIME OF LATEST TRANSACTION

  • control field: 20260303122627.0

008 - FIXED-LENGTH DATA ELEMENTS

  • fixed length control field: 860925n| azannaabn |a aaa

010 ## - LIBRARY OF CONGRESS CONTROL NUMBER

  • LC control number: n 86854357

024 7# - OTHER STANDARD IDENTIFIER

  • Standard number or code: Q84615554
  • Source of number or code: wikidata

024 7# - OTHER STANDARD IDENTIFIER

  • Standard number or code: 114686973
  • Source of number or code: viaf

024 7# - OTHER STANDARD IDENTIFIER

  • Standard number or code: 0000000121483775
  • Source of number or code: isni

035 ## - SYSTEM CONTROL NUMBER

  • System control number: (OCoLC)oca01680530

040 ## - CATALOGING SOURCE

  • Original cataloging agency: DLC
  • Language of cataloging: spa
  • Description conventions: rda
  • Transcribing agency: Mx-PuUPA
  • Modifying agency: DLC
  • Modifying agency: NjP
  • Modifying agency: ItFiC
  • Modifying agency: PSt
  • Modifying agency: Mx-PuUPA

046 ## - SPECIAL CODED DATES

  • Birth date: 1949
  • Source of date scheme: edtf

100 1# - HEADING--PERSONAL NAME

  • Personal name: Granada, Miguel Angel,
  • Dates associated with a name: 1949-

370 ## - ASSOCIATED PLACE

  • Place of birth: Zaragoza (España)
  • Source of term: naf

372 ## - FIELD OF ACTIVITY

  • Field of activity: Filosofía
  • Field of activity: Ciencia--Historia
  • Field of activity: Filosofía--Historia
  • Source of term: lcsh

373 ## - ASSOCIATED GROUP

  • Associated group: Universitat de Barcelona
  • Source of term: naf

374 ## - OCCUPATION

  • Occupation: Filósofo
  • Occupation: Historiadores de la ciencia
  • Occupation: Historiadores de Filosofía
  • Occupation: Profesor universitario
  • Occupation: Autor
  • Source of term: lcsh

375 ## - GENDER

  • Gender: hombre
  • Source of term: lcdgt

377 ## - ASSOCIATED LANGUAGE

  • Language code: spa

400 1# - SEE FROM TRACING--PERSONAL NAME

  • Personal name: Granada, M. A.
  • Fuller form of name: (Miguel Angel),
  • Dates associated with a name: 1949-

400 1# - SEE FROM TRACING--PERSONAL NAME

  • Personal name: Granada Martínez, Miguel Ángel,
  • Dates associated with a name: 1949-

400 1# - SEE FROM TRACING--PERSONAL NAME

  • Personal name: Martínez. Miguel Ángel Granada,
  • Dates associated with a name: 1949-

510 2# - SEE ALSO FROM TRACING--CORPORATE NAME

  • Control subfield: r
  • Relationship information: Employer:
  • Corporate name or jurisdiction name as entry element: Universitat de Barcelona

670 ## - SOURCE DATA FOUND

  • Source citation: nuc86-88021: His Maquiavelo, 1981
  • Information found: (hdg. on PrU rept.: Granada, Miguel Angel, 1949- ; usage: Miguel Angel Granada)

670 ## - SOURCE DATA FOUND

  • Source citation: El debate cosmológico en 1588, c1996:
  • Information found: t.p. (Miguel A. Granada)

670 ## - SOURCE DATA FOUND

  • Source citation: Potentia Dei, c2000:
  • Information found: t.p. (Miguel A. Granada) spine (M.A. Granada)

670 ## - SOURCE DATA FOUND

  • Source citation: Giordano Bruno, De immenso, 2020:
  • Information found: t.p. (Miguel Ángel Granada)

670 ## - SOURCE DATA FOUND

  • Source citation: Wikidata website, March 7, 2022
  • Information found: (Miguel Ángel Granada Martínez, philosopher and historian of science and philosophy; b. 1949, Zaragoza; employer: University of Barcelona)
  • Uniform Resource Identifier: https://www.wikidata.org/wiki/Q84615554